| 000 -ლიდერი |
| ფიქსირებული სიგრძის საკონტროლო ველი |
01213nam a2200265Ia 4500 |
| 001 - საკონტროლო ნომერი |
| საკონტროლო ველი |
522 |
| 003 - საკონტროლო ნომრის იდენტიფიკატორი |
| საკონტროლო ველი |
GE_BSU |
| 005 - ბოლო ოპერაციის თარიღი და დრო |
| საკონტროლო ველი |
20200127112310.0 |
| 008 - ფიქსირებული სიგრძის მონაცემთა ელემენტები - ზოგადი ინფორმაცია |
| ფიქსირებული სიგრძის საკონტროლო ველი |
181216s2009||||ge |||||||||||||| ||geo|| |
| 020 ## - წიგნის საერთაშორისო სტანდარტული ნომერი |
| International Standard Book Number |
9789941015625 |
| 040 ## - კატალოგიზაციის წყარო |
| Transcribing agency |
GE_BSU |
| 041 ## - ენის კოდი |
| Language code of text/sound track or separate title |
geo |
| 080 ## - უნივერსალური ათობითი კლასიფიკაციის ინდექსი |
| Universal Decimal Classification number |
330.1(479.22)+821.353.1-92+330.3(479.22)+821.353.1-7 ჯ-31 |
| 100 ## - მთავარი ჩანაწერი - პიროვნების სახელი |
| Personal name |
ჯგერენაია, ემზარ |
| 9 (RLIN) |
6385 |
| 245 ## - ცნობა სათაურის შესახებ |
| Title |
პოლიტ-ეკონომიკური სატირა-2 |
| Statement of responsibility, etc |
ემზარ ჯგერენაია ; [რედ.: ეკა ლეკაშვილი და სხვ.]. |
| 264 ## - წარმოების, გამოცემის, დისტრიბუციის და სხვა ცნობები |
| გამოცემის, წარმოების, დისტრიბუციის... ადგილი |
თბილისი : |
| გამოცემის, წარმოების, დისტრიბუციის... სახელწოდება |
შპს "პოლიექსპრესი", |
| გამოცემის, წარმოების, დისტრიბუციის... თარიღი |
2009. |
| 300 ## - ფიზიკური აღწერა |
| Extent |
466 გვ. |
| Other physical details |
20სმ. |
| 500 ## - ზოგადი შენიშვნა |
| General note |
ეძღვნება მამის, მურმან ჯგერენაიას ხსოვნას. |
| 501 ## - შენიშვნა თანმხლებ მასალაზე |
| With note |
ტექსტი ქართ. და ინგლ. |
| 653 ## - INDEX TERM--UNCONTROLLED |
| Uncontrolled term |
საქართველოს ეკონომიკა |
| 653 ## - INDEX TERM--UNCONTROLLED |
| Uncontrolled term |
ქართული პოლიტიკა |
| 700 ## - ADDED ENTRY--PERSONAL NAME |
| Personal name |
ლეკაშვილი, ეკა |
| Relator term |
რედაქტორი |
| 9 (RLIN) |
5020 |
| 942 ## - ADDED ENTRY ELEMENTS (KOHA) |
| Koha item type |
წიგნი |
| Source of classification or shelving scheme |
|